Normal view
MARC view
- Shahid, Razzaq Prof.
Entry Personal Name
001 - CONTROL NUMBER
- control field: 16398
003 - CONTROL NUMBER IDENTIFIER
- control field: NUST
005 - DATE AND TIME OF LATEST TRANSACTION
- control field: 20190702103614.0
008 - FIXED-LENGTH DATA ELEMENTS
- fixed length control field: 190702|| aca||aabn | a|a d
040 ## - CATALOGING SOURCE
- Original cataloging agency: NUST
- Transcribing agency: NUST
100 ## - HEADING--PERSONAL NAME
- Personal name: Shahid, Razzaq Prof.
670 ## - SOURCE DATA FOUND
- Source citation: Work cat.: (NUST): Shahid, Razzaq Prof., Pholan Di Khari (Punjabi Adbi Mazmoon) \, 1997.
